Advance foundation engineering (Record no. 554352)
[ view plain ]
| 000 -LEADER | |
|---|---|
| fixed length control field | 00427nam a22001337a 4500 |
| 082 ## - DEWEY DECIMAL CLASSIFICATION NUMBER | |
| Classification number | 624.15 |
| Author Mark | GAR |
| -- | N-02,P-100 |
| 100 ## - MAIN ENTRY--PERSONAL NAME | |
| Personal name | Garg, Dr Sunil |
| 9 (RLIN) | 51802 |
| 245 ## - TITLE STATEMENT | |
| Title | Advance foundation engineering |
| Remainder of title | Geotechnical engineering series |
| 260 ## - PUBLICATION, DISTRIBUTION, ETC. | |
| Place of publication, distribution, etc. | New Delhi, |
| Name of publisher, distributor, etc. | Random Publication, |
| Date of publication, distribution, etc. | 2016. |
| 300 ## - PHYSICAL DESCRIPTION | |
| Extent | 299p. |
| Other physical details | ill. |
| Dimensions | 24cm. |
| 526 ## - STUDY PROGRAM INFORMATION NOTE | |
| Program name | 0 |
| Interest level | 0 |
| Reading level | 0 |
| Title point value | 624_150000000000000_GAR |
| 650 ## - SUBJECT ADDED ENTRY--TOPICAL TERM | |
| Topical term or geographic name entry element | Foundation engineering |
| 9 (RLIN) | 51803 |
| 942 ## - ADDED ENTRY ELEMENTS (KOHA) | |
| Source of classification or shelving scheme | |
| Koha item type | Book |
| Withdrawn status | Lost status | Source of classification or shelving scheme | Damaged status | Not for loan | Permanent Location | Current Location | Date acquired | Total Checkouts | Full call number | Barcode | Date last seen | Price effective from | Koha item type |
|---|---|---|---|---|---|---|---|---|---|---|---|---|---|
| Military College of Engineering (MCE) | Military College of Engineering (MCE) | 06/23/2020 | 624.15 GAR | MCE-51438 | 06/23/2020 | 06/23/2020 | Book |
